| 000 | 00718nac a22001931u 4500 | ||
|---|---|---|---|
| 010 | _a 94015146 | ||
| 020 | _a0023818522 | ||
| 082 | 0 | 0 |
_a621.3822 _bM6854 |
| 090 |
_c4023 _d4023 |
||
| 100 | _aMix, Dwight F., | ||
| 245 | 1 | 0 |
_aRandom signal processing / _cDwight F. Mix. |
| 260 |
_aEnglewood Cliffs, N.J. : _bPrentice Hall,1995 _c1995. |
||
| 300 |
_axii, 450 p. : _bill. ; _c24 cm. |
||
| 504 | _aIncludes bibliographical references and index. | ||
| 650 | 0 |
_aSignal processing _xStatistical methods. |
|
| 650 | 0 | _aStochastic processes. | |
| 942 |
_cBB _k621.3822M6854 |
||
| 999 |
_c4023 _d4023 |
||